LEADER 01033nam a2200229 i 4500 001 000000038065 003 CaOOAMICUS 005 20120913000000.0 008 120913s1992 it u000 u ita u 013 $a8470 040 $aSeMil$bita 100 1 $aAmelli, Cesare.$0(OLS)http://semarc/name/18240 245 10$aPreparate la via del Signore :$bprofilo storico della prepositurale di san Giovanni Battista in Melegnano nel 550. della sua fondazione /$cCesare Amelli. 260 $aMelegnano :$b[s.n.],$c1992. 300 $a121, [40] p. :$bill. ;$c24 cm. 500 $aCon dedica. 650 4$aMelegnano.$0(OLS)http://semarc/subject/7691 850 $aSeMil 852 $aSeMil$W1$xVenegono$y1$m3P II 185$j4220$B4220$CSeMilBibl$Z2$F4220 $81 961 $aOmaggio: Donazione 996 $6245$aPreparate la via del Signore :$bprofilo storico della prepositurale di san Giovanni Battista in Melegnano nel 550. della sua fondazione$9(OLS)http://semarc/title/53590 996 $6260$aMelegnano :$b[s.n.]$9(OLS)http://semarc/publisher/37275 LEADER 01104nam a2200241 i 4500 001 000000072915 003 CaOOAMICUS 005 20090504000000.0 008 090504s1956 it u000 u ita u 013 $a44087 040 $aSeMil$bita 100 1 $aCalonghi, Luigi <1921-2005>.$0(OLS)http://semarc/name/9505 245 10$aTests e esperimenti :$bmetodologia della ricerca pedagogico-didattica /$cLuigi Calonghi. 260 $aTorino :$bPas,$c1956$e(Luogo di manifattura non identificato :$fTip. Artigianelli,$g1956) 300 $a341 p. ;$c25 cm. 490 0 $aPubblicazioni dell'Istituto superiore di pedagogia ;$v4 500 $aL. 1500. 650 4$aBiopedagogia.$0(OLS)http://semarc/subject/14763 830 0$aPubblicazioni dell'Istituto superiore di pedagogia ;$v4.$0(OLS)http://semarc/title/27957 850 $aSeMil 852 $aSeMil$W1$xVenegono$y1$m2Q III 154$j39068$B39068$CSeMilBibl$Z2$F39071 $81 996 $6245$aTests e esperimenti :$bmetodologia della ricerca pedagogico-didattica$9(OLS)http://semarc/title/117644 996 $6260$aTorino :$bPas$9(OLS)http://semarc/publisher/43082